000 01274nam a22002657a 4500
005 20240530110953.0
008 221218s2022 ua g b 000 0 ara d
017 _a2021/9893
_bمصر. دار الكتب
020 _a97897776840676
040 _aEG-CaGPL
_cEG-CaGPL
082 0 4 _221
_a938.03
_bأ ج
100 0 _aاحمد عبدالباسط حسن
245 1 2 _aالجغرافيا السياسية للعالم القديم :
_bدراسة فى قيام وسقوط القوى الكبرى فى حوض البحر المتوسط من قيام الدولة الفارسية الاولى الهخامانيشية حتى سقوط الدولة الرومانية 560ق. م - 476 م : ج1 /
_cاحمد عبدالباسط حسن
250 _aط.1
260 _aالاسكندرية :
_bدار الوفاء لدنيا الطباعة و النشر،
_c2022.
300 _a172 ص. ؛
_c24 سم.
504 _aيشتمل على ارجاعات ببليوجرافية
650 0 7 _2qrmak
_aالجغرافيا السياسية
650 0 7 _2qrmak
_aالحدود السياسية
650 0 7 _2qrmak
_aالسياسة الدولية
650 0 7 _2qrmak
_aالجغرافيا البشرية
651 _2qrmak
942 _2ddc
_cBK
999 _c67036
_d67036